| 000 | 00478nam a22001937a 4500 | ||
|---|---|---|---|
| 003 | MPLRDC | ||
| 005 | 20220104182927.0 | ||
| 008 | 210129b ||||| |||| 00| 0 eng d | ||
| 020 | _a986-82706-9-5 | ||
| 082 | _a420.26 LAN | ||
| 100 | _aVICKI LANSKY | ||
| 245 |
_a醋的400种妙方 _c黄正龄译 |
||
| 250 | _a初版 | ||
| 260 |
_a台湾 _b非马出版企画所 _c2007 |
||
| 300 | _b平 | ||
| 490 | _aLIFESTYLE. 02 | ||
| 650 | _a家事手册 | ||
| 942 |
_cBK _o420.26 LAN |
||
| 999 |
_c62171 _d62161 |
||